000 00462nam a2200193Ia 4500
001 14978
003 GE_BSU
008 181216s||||||||xx |||||||||||||| ||und||
040 _cGE_BSU
080 _a511
100 _aБерман,Г.Н.
245 _aЧисло и наука о нем
260 _aМосква
260 _bГосиздат
260 _c1954
300 _a156стр.20см.
653 _aЧисло и наука о нем
942 _cBK
999 _c48097
_d48097